Statistiche per Stazioni della Metropolitana di Roma

Clicka qui per fare il quiz!

Statistiche generali

  • Questo quiz è stato fatto 84 volte
  • Il punteggio medio è 37 su 83

Statistiche sulle risposte

Linea A% Corretto
Termini
92%
Termini
92%
Colosseo
90%
Fori Imperiali - Colosseo
90%
Spagna
77%
Tiburtina FS
71%
Garbatella
69%
Barberini
68%
Basilica S. Paolo
68%
Circo Massimo
68%
Cavour
66%
EUR Palasport
66%
Rebibbia
66%
Repubblica
66%
EUR Fermi
65%
Laurentina
65%
Ottaviano
65%
Ottaviano
65%
Piramide
65%
Anagnina
63%
Bologna
63%
San Giovanni
63%
San Giovanni
63%
EUR Magliana
61%
Flaminio
61%
Policlinico
61%
Battistini
56%
Castro Pretorio
56%
Jonio
56%
Lepanto
56%
Re di Roma
55%
Manzoni
52%
Valle Aurelia
52%
Vittorio Emanuele
52%
Cinecittà
50%
Cipro
50%
Parco di Centocelle
48%
Ponte Mammolo
48%
Baldo degli Ubaldi
47%
Conca d'Oro
47%
Marconi
47%
Libia
44%
Numidio Quadrato
44%
Monti Tiburtini
42%
Subaugusta
40%
Cornelia
39%
Giulio Agricola
39%
Arco di Travertino
37%
Colli Albani
37%
Furio Camillo
37%
Lucio Sestio
35%
Santa Maria del Soccorso
35%
Ponte Lungo
34%
San Pietro
34%
Sant'Agnese/Annibaliano
34%
Porta Furba
32%
Venezia
32%
Lodi
29%
Monte Compatri-Pantano
29%
Pietralata
29%
Pigneto
29%
Torre Angela
27%
Torre Gaia
27%
Finocchio
26%
Torre Maura
23%
Gardenie
21%
Giardinetti
21%
Torre Spaccata
21%
Bolognetta
19%
Mirti
19%
Alessandrino
18%
Clodio/Mazzini
16%
Malatesta
16%
Teano
16%
Amba Aradam - Ipponio
15%
Borghesiana
13%
Chiesa Nuova
13%
Due Leoni - Fontana Candida
13%
Graniti
13%
Torrenova
13%
Grotte Celoni
11%
Risorgimento
10%
Quinitiliani
8%

Distribuzione punteggi

Percentile per numero di risposta

Percentuale di utenti per punteggio

I tuoi punteggi nel tempo

Non hai fatto questo quiz